El cerebro y la mente : una realidad y un enigma. (Registro nro. 34481)
[ vista simple ]
| 000 -CABECERA | |
|---|---|
| campo de control de longitud fija | 00264nam a2200097 a 4500 |
| 005 - FECHA Y HORA DE LA ÚLTIMA TRANSACCIÓN | |
| campo de control | 20200930074031.0 |
| 008 - DATOS DE LONGITUD FIJA--INFORMACIÓN GENERAL | |
| campo de control de longitud fija | 111024s2004 000 spa d |
| 040 ## - FUENTE DE LA CATALOGACIÓN | |
| Centro catalogador/agencia de origen | DO-SdBNP |
| 245 #3 - MENCIÓN DE TÍTULO | |
| Título | El cerebro y la mente : una realidad y un enigma. |
| 260 ## - PUBLICACIÓN, DISTRIBUCIÓN, ETC. | |
| Lugar de publicación, distribución, etc. | [London], |
| Fecha de publicación, distribución, etc. | [19--?]. |
No hay ítems disponibles.
